000 01699nam0a2200397 4500
001 RU\NLR\BIBL_A\012731929
005 20220331163136.0
010 _a978-5-4461-1286-9
021 _aRU
_bКН-П-21-082165
_9КН-П-21-6554
035 _a(NLR Aleph) 012731929
090 _a12974952
_c12974952
100 _a20220317d2022 u y0rusy50 ca
101 0 _arus
102 _aRU
105 _ay|||j||||||z|
181 0 _ai
_baxxe
182 0 _an
200 1 _aБухгалтерский учет за 14 дней
_e[с учетом ставки НДС 20%]
_eэкспресс-курс
_eучебное пособие
_fСергей Молчанов
203 _aТекст
_bвизуальный
_cнепосредственный
205 _a13-е новое изд.
210 _aСанкт-Петербург [и др.]
_cПитер
_cПрогресс книга
_d2022 [т.е. 2021]
215 _a363 с.
_cтабл.
_d22
225 1 _aСерия "Бухгалтеру и аудитору"
300 _aНа 4-й с. обл. авт.: преп. С. Молчанов
300 _aВ вып. дан.: 13-е изд.
300 _aКн. фактически изд. в 2021 г.
320 _aДр. произведения авт. на 4-й с. обл.
333 _a16+
333 _a16+
606 1 _aУправленческий учет
_yРоссийская Федерация
_jУчебные издания
_2nlr_sh1
_2nlr_sh2
_3RU\NLR\AUTH\661344190
686 1 _aУ052.9(2)2я7
700 1 _aМолчанов
_bС. С.
_gСергей Сергеевич
942 _cBOOK
980 _aNB